| 000 | 00649nam a22002057a 4500 | ||
|---|---|---|---|
| 999 |
_c9103 _d9103 |
||
| 003 | AR-CdUCM | ||
| 008 | 190327b ||||| |||| 00| 0 sp d | ||
| 040 |
_aMUNICIPALIDAD PROVINCIAL DEL CUSCO _cBIBLIOTECA MUNICIPAL DEL CUSCO |
||
| 082 |
_a868.714 / _bP78 |
||
| 100 |
_aPortugal, Ana Maria _910063 |
||
| 245 | _aMano de Poesía / | ||
| 260 |
_aLima : _bEdiciones Palabra y Fuego , _c1962. |
||
| 300 |
_a2 páginas ; _c20.2 cm. |
||
| 500 | _aContiee dedicatoria de la autora a Luis Nieto | ||
| 650 |
_aPoesia Peruana _9280 |
||
| 650 |
_aPoesia Arequipeña _924826 |
||
| 650 |
_aPoesia Latinoamericana _92147 |
||
| 942 |
_2ddc _cLIBROS |
||
| 945 | _artm | ||